000
00234nam a22001097a 4500
082
_a
621.3192PAN
100
_a
Anthony
245
_a
Electrical Distributations Engineering
260
_a
London
_c
1983
300
_a
435
942
_c
BK
999
_c
13762
_d
13762